The history of the church from Christ to Constantine
Αποθηκεύτηκε σε:
| Κύριος συγγραφέας: | |
|---|---|
| Άλλοι συγγραφείς: | |
| Μορφή: | Βιβλίο |
| Γλώσσα: | English Ancient Greek |
| Δημοσίευση: |
Middlesex, England :
Penguin Books,
c1965.
|
| Σειρά: | Penguin classics ;
L138 |
| Θέματα: | |
| Ετικέτες: |
Προσθήκη ετικέτας
Δεν υπάρχουν, Καταχωρήστε ετικέτα πρώτοι!
|
MARC
| LEADER | 00000cam a2200000 a 4500 | ||
|---|---|---|---|
| 001 | 1/120962 | ||
| 008 | 200219s1965####enk| ||| |||| ||eng|| | ||
| 040 | |a GR-MyUa |b gre |c GR-MyUa |e AACR2 | ||
| 041 | 1 | |a eng |h grc | |
| 082 | 7 | |a 270.1 |2 (23) | |
| 100 | 0 | |a Ευσέβιος ο Παμφίλου, |c π. 265-π. 339. | |
| 245 | 1 | 4 | |a The history of the church from Christ to Constantine / |c Eusebius ; translated with an introduction by G.A. Williamson. |
| 260 | |a Middlesex, England : |b Penguin Books, |c c1965. | ||
| 300 | |a 429 σ. ; |c 18 εκ. | ||
| 490 | 1 | |a (Penguin classics ; |v L138) | |
| 504 | |a Περιλαμβάνει βιβλιογραφικές παραπομπές και ευρετήριο. | ||
| 650 | 0 | |a Church history |y Primitive and early church, ca. 30-600. | |
| 700 | 1 | |a Williamson, G. A. |q (Geoffrey Arthur), |d 1895-1982, |e trl | |
| 830 | 0 | |a Penguin classics ; |v L138 | |
| 920 | |a Σαρτζετάκης |b Γιάννης |y Σύρος |z 2020-02 | ||
| 970 | |a Κοντού |b Παρασκευή |z 19/02/2020 | ||